54 vị hoàng đế việt nam

Cuốn "54 vị Hoàng đế Việt nam" giới thiệu chân dung của 54 vị Hoàng đế tiêu biểu trong số gần 100 vị Hoàng đế từ nhà Tiền Lý ( Lý Nam Đế) đến nhà Nguyễn với vị vua cuối cùng là Bảo Đại. Cuốn sách cung cấp cho bạn đọc những tư li...

Täydet tiedot

Tallennettuna:
Bibliografiset tiedot
Päätekijä: Đặng, Việt Thủy
Aineistotyyppi: Kirja
Kieli:Undetermined
Julkaistu: Hà Nội Quân đội Nhân dân 2008
Aiheet:
Tagit: Lisää tagi
Ei tageja, Lisää ensimmäinen tagi!
Thư viện lưu trữ: Trung tâm Học liệu Trường Đại học Cần Thơ
LEADER 01269nam a2200217Ia 4500
001 CTU_135398
008 210402s9999 xx 000 0 und d
020 |c 52000 
082 |a 959.7 
082 |b Th523 
100 |a Đặng, Việt Thủy 
245 0 |a 54 vị hoàng đế việt nam 
245 0 |c Đặng Việt Thủy, Đặng Thành Trung 
260 |a Hà Nội 
260 |b Quân đội Nhân dân 
260 |c 2008 
520 |a Cuốn "54 vị Hoàng đế Việt nam" giới thiệu chân dung của 54 vị Hoàng đế tiêu biểu trong số gần 100 vị Hoàng đế từ nhà Tiền Lý ( Lý Nam Đế) đến nhà Nguyễn với vị vua cuối cùng là Bảo Đại. Cuốn sách cung cấp cho bạn đọc những tư liệu ngắn gọn của 54 vị Hoàng đế tiêu biểu , ngoài ra sách còn cung cấp thêm thông tin các vị vua khác khác của triều đại đó, kể cả 11 đời chúa Trịnh và 9 đời chúa Nguyễn. 
650 |a Trung tâm Học liệu ĐH Cần Thơ 
650 |x Lịch sử Việt Nam 
904 |i Năm 
980 |a Trung tâm Học liệu Trường Đại học Cần Thơ